000 00275nam a22001217a 4500
008 180220b xxu||||| |||| 00| 0 eng d
041 _aeng
080 _a821
100 _a21
101 _aGJL
245 _aThe Young Folks Shelf of Books
_cMartignoni, M.E
942 _2udc
_cBK
999 _c42911
_d42911